Administratíva pre 3. ročník gymnázia

Bibliographic Details
Main Authors: Kyndl, Ján (Ing.) (Author), Šedý, Raimund (Author)
Format: Book
Language:Slovak
PhysicalDescription:168 s. sch., tab. 30 cm
Published: Bratislava Slovenské pedagogické nakladateľstvo 1986
Edition:1. vyd.
Subjects:

MARC

LEADER 00000cam a2200000 a 4500
001 vtls001089858
003 SK-MaSNL
005 20260302085959.0
008 250414s1986 xo p 00000 slo
015 |a SNBA1986/12 
035 |a SNK000032698 
040 |a SNK  |b slo  |c SNK  |e AACR2 
041 0 |a slo 
044 |a xo  |c SK 
080 |a 651.4/.9(075.3)  |2 1981 
100 1 |a Kyndl, Ján  |c (Ing.)  |4 aut  |9 5046 
245 1 0 |a Administratíva pre 3. ročník gymnázia  |c Ján Kyndl, Rajmund Šedý 
250 |a 1. vyd. 
260 |a Bratislava  |b Slovenské pedagogické nakladateľstvo  |c 1986  |e Nitra  |f Nitrianske tlačiarne 
300 |a 168 s.  |b sch., tab.  |c 30 cm 
366 |e 5850 výtl. 
650 0 7 |a administratíva  |2 SNKPH  |9 642 
655 7 |a učebnice stredných škôl  |2 SNKPH  |9 69323 
700 1 |a Šedý, Raimund  |4 aut  |9 276891 
700 1 |a Horník, Jozef  |4 bkd  |9 756823 
852 |a Slovenská národná knižnica 
954 |a odborná, vedecká literatúra pôvodná (slovenská)  |2 lita 
958 |a UC 
958 |a TL 
958 |a OND 
999 |c 1194713  |d 1196643 
952 |a SNK  |b SNK  |y PREZ  |7 0  |p 17A0836133  |o snkSB 40826   |0 0  |1 0  |4 0  |d 2012-05-08  |f 1  |l 0  |r 2025-04-28 00:00:00  |w 2026-02-24 
952 |t P60, <04>, [BOOK], {604}  |a SNK  |b SNK  |y VYP  |7 0  |p 17A0204320  |o snkSB 40826 D1  |0 0  |1 0  |4 0  |d 1999-07-29  |l 0  |r 2004-12-31 00:00:00  |w 2026-02-24